Statistics for Stationery

Click here to take the quiz!

General Stats

  • This quiz has been taken 18 times
  • The average score is 7 of 8

Answer Stats

Answer% Correct
Eraser
100%
Pen
100%
Pencil
100%
Ruler
100%
Mechanical pencil
82%
Colour pencil
64%
Highlighter
64%
Writing brush
45%

Score Distribution

Percentile by Number Answered

Percent of People with Each Score

Your Score History

You have not taken this quiz